Szczegóły MARC
| 000 -Nagłówek |
| fixed length control field |
01593cam a2200325 i 4500 |
| 001 - Nr kontrolny bibl., która utworzyła rek. |
| control field |
zz2004843742 |
| 003 - Siglum bibl., której nr kontr. jest w 001 |
| control field |
NUKAT |
| 005 - Data i czas ostatniej operacji |
| control field |
20260427215913.0 |
| 008 - Elementy pola stałej długości |
| fixed length control field |
040326s1927 pl a g |000 0 pol c |
| 035 ## - Systemowy numer kontrolny |
| systemowy numer kontrolny |
(OCoLC)69582254 |
| 035 ## - Systemowy numer kontrolny |
| systemowy numer kontrolny |
(NUKAT)zz2004843742 |
| 040 ## - Instytucja sporządzająca opis |
| Instytucja, która sporządziła opis |
GD U/Jaga |
| język katalgowania-trzyzn. kod |
pol |
| zasady opisu |
rda |
| Instytucja, która sporządziła rekord |
GD U/Jaga |
| Instytucja, która zmodyfikowała rekord |
GD U/Jaga |
| -- |
GD U/EPs |
| -- |
WA U/91IO |
| -- |
KR U/WJ |
| -- |
TOR U/WS |
| -- |
OLSZT 008/AL |
| 041 0# - Kod nazwy języka dokumentu |
| Język tekstu |
pol |
| -- |
lat |
| 100 1# - Hasło główne-nazwa osobowa |
| Nazwa osobowa |
Abraham, Władysław |
| Daty biograficzne |
(1860-1941). |
| rodzaj współpracy |
Autor |
| 9 (RLIN) |
12845 |
| 245 10 - Tytuł właściwy i oznaczenie odpow. |
| tytuł |
Pontificale biskupów krakowskich z XII wieku / |
| dod. inf. ze s. tyt./ozn. odpow. |
Władysław Abraham. |
| 260 ## - Adres wydawniczy |
| miejsce wydania, dystrybucji itp. |
Kraków : |
| nazwa wydawcy, dystrybutora itp. |
nakładem Polskiej Akademji Umiejętności ; |
| miejsce wydania, dystrybucji itp. |
Warszawa [i pozostałe] : |
| nazwa wydawcy, dystrybutora itp. |
skład główny w Księgarniach Gebethnera i Wofffa, |
| data wydania, dystrybucji itp. |
1927. |
| 300 ## - Opis fizyczny |
| objętość i/lub forma materiału |
31, [1] strona, 5 kart tablic : |
| inne szczegóły opisu fizycznego |
ilustracje ; |
| format |
23 cm. |
| 336 ## - Content Type |
| Term |
Tekst |
| Code |
txt |
| Source |
rdacontent |
| 337 ## - Media Type |
| Term |
Bez urządzenia pośredniczącego |
| Code |
n |
| Source |
rdamedia |
| 338 ## - Carrier Type |
| Term |
Wolumin |
| Code |
nc |
| Source |
rdacarrier |
| 490 1# - Tytuł serii i ks. wielotom.-nie do wysz. |
| oznaczenie serii |
Rozprawy / Polska Akademja Umiejętności. Wydział Historyczno-Filozoficzny ; |
| numer woluminu |
Ser. 2, t. 41 (ogólnego zbioru t. 66) nr 1 |
| 530 ## - Uwaga o dod. formie fiz. materiału |
| uwaga o dodatkowej fizycznej formie dokumentu |
Dostępne również w formie elektronicznej. |
| 546 ## - Uwaga o języku opisywanego materiału |
| uwaga o języku |
Tekst także w języku łacińskim. |
| 650 #7 - Hasło przedmiotowe-nazwa pospolita |
| nazwa pospolita lub geogr. |
Pontyfikały |
| określnik geograficzny |
Polska |
| -- |
Kraków |
| określnik chronologiczny |
12 w. |
| określnik rzeczowy |
historia i krytyka. |
| źródło hasła |
kaba |
| 9 (RLIN) |
40717 |
| 710 2# - Hasło dodatkowe - nazwa ciała zbior. |
| nazwa ciała zbior. lub nazwa geogr. |
Polska Akademia Umiejętności (1919-1952). |
| rodzaj współpracy |
Wydawca |
| kod rodzaju współpracy |
pbl |
| 9 (RLIN) |
1634 |
| 710 2# - Hasło dodatkowe - nazwa ciała zbior. |
| nazwa ciała zbior. lub nazwa geogr. |
Gebethner i Wolff. |
| rodzaj współpracy |
Dystrybucja |
| kod rodzaju współpracy |
dst |
| 9 (RLIN) |
1246 |
| 830 #0 - Hasło dod. serii i op. ks. wielotom. -tyt |
| tytuł |
Rozprawy Polskiej Akademii Umiejętności. |
| tytuł części/sekcji pracy |
Wydział Historyczno-Filozoficzny |
| oznaczenie tomu |
Ser. 2, t. 41 = 66, nr 1 |
| 9 (RLIN) |
2632 |
| 856 41 - Elektroniczne źródła danych i spos. dost. |
| URL (Uniform Resource Locator) |
<a href="http://rcin.org.pl/publication/14580">http://rcin.org.pl/publication/14580</a> |
| 942 ## - ADDED ENTRY ELEMENTS (KOHA) |
| Source of classification or shelving scheme |
Dewey Decimal Classification |
| Koha item type |
pozycje dostępne na miejscu |